| 000 | 00839nam a22002777a 4500 | ||
|---|---|---|---|
| 001 | 3057 | ||
| 003 | FISKH | ||
| 005 | 20240201143442.0 | ||
| 008 | 240201b cb ||||| |||| 00| 0 eng d | ||
| 020 | _a9780763611484 | ||
| 040 |
_aFISKH _beng _cFISKH _dFISKH |
||
| 050 | _a469 | ||
| 082 | _aPZ7 | ||
| 100 | _aCaple, Kathy | ||
| 245 |
_aWorm is stuck / _cWritten and illustrated by Caple, Kathy |
||
| 250 | _aFirst edition 2000 | ||
| 260 |
_aMassachusetts : _bCandlewick Press , _c2000 |
||
| 300 |
_a8 pages : _bcolor illustrations ; _c15 cm . |
||
| 490 | _aBrand New Readers | ||
| 505 | _aA | ||
| 520 | _aIt's about all the shapes worm turns himself into, and what happens when he tie himself in a knot. | ||
| 521 | 8 |
_a10
_bLexile |
|
| 521 | 8 |
_aA
_bRaz-Plus |
|
| 600 |
_2insects _vfiction |
||
| 942 |
_2ddc _cBK _n0 |
||
| 999 |
_c3057 _d3057 |
||